| 000 | 00343nam a22001217a 4500 | ||
|---|---|---|---|
| 999 |
_c1926 _d1926 |
||
| 005 | 20200907102628.0 | ||
| 008 | 200907b ||||| |||| 00| 0 eng d | ||
| 020 | _a0575028556 | ||
| 040 | _cCML | ||
| 245 |
_aModern Rhythmic Notation. _cRead, G. |
||
| 260 |
_aLondon _bVictor Gollancz Ltd _c1980 |
||
| 942 |
_2ddc _cBK _h781.24 _mREA |
||